Statistics for The Seven Continents Map Quiz

Click here to take the quiz!

General Stats

  • This quiz has been taken 140,594 times
    (139,262 since last reset)
  • The average score is 7 of 7

Answers on the Map

Answers color-coded by a green-red scale on the quiz's map according to % correct below.
Loading ...
 

Answer Stats

Answer% Correct
North America
96%
South America
96%
Asia
95%
Africa
95%
Antarctica
95%
Australia (Oceania)
94%
Europe
93%

Score Distribution

Percentile by Number Answered

Percent of People with Each Score

Your Score History

You have not taken this quiz since the last reset